| 000 | 00515nam a2200217Ia 4500 | ||
|---|---|---|---|
| 003 | OSt | ||
| 005 | 20230408125623.0 | ||
| 008 | 210423s2010 xx 000 0 und d | ||
| 020 | _a9788181283023 | ||
| 040 | _cAL | ||
| 041 | _aeng | ||
| 082 | _a512.5 KWAJ | ||
| 100 |
_aKWAK (Jin HO);HONG (Sungpyo). _985038 |
||
| 245 | _aLinear algebra. | ||
| 250 | _a2 | ||
| 260 |
_aNew Delhi _bSpringer Pvt Ltd _c2010 |
||
| 300 |
_axiv,390 _bPB |
||
| 365 |
_b325 _cINR |
||
| 906 | _aalgebra. ; Linear | ||
| 942 |
_2ddc _cBK |
||
| 999 |
_c158308 _d158308 |
||